| 000 | 00443nam a22001697a 4500 | ||
|---|---|---|---|
| 003 | CEME | ||
| 005 | 20210628203709.0 | ||
| 008 | 210324b xxu||||| |||| 00| 0 eng d | ||
| 020 | _a0-444-81645-3 | ||
| 040 | _c. | ||
| 082 | _a620.1126 HAN'C | ||
| 100 |
_aCarpinteri, Andrea _966903 |
||
| 245 | _aHandbook of fatigue crack , propagation in metallie structure | ||
| 260 |
_aAMSTERDOM _bELSEVIER _c1994 |
||
| 300 | _a2 VOL | ||
| 942 |
_cBK _2ddc |
||
| 999 |
_c574768 _d574768 |
||